[Event "DVM U14w 2013"]
[Site "Oberbernhards-Hilders GER"]
[Date "2014.06.28"]
[Round "5"]
[White "Lübbert, Charline"]
[Black "Dobryden, Arina Sergeevna"]
[Result "1-0"]
[Termination "normal"]
[Board "6.3"]
[WhiteElo "1166"]
[BlackElo "800"]
[WhiteTeam "TSG Gadebusch"]
[BlackTeam "SK Bebenhausen 1992"]
[PlyCount "63"]
[WhiteFideId "12983381"]
[BlackFideId "12983527"]
[EventCountry "GER"]
[EventRounds "7"]
[EventType "team-swiss"]
[EventDate "2013.12.26"]

1. e4 c5 2. Nc3 Nc6 3. Nf3 g6 4. Bc4 Bg7 5. d3 d6 6. Ng5 e6 7. O-O Nf6 8. h3
O-O 9. Ne2 a6 10. c3 b5 11. Bb3 d5 12. exd5 exd5 13. Bc2 Re8 14. d4 cxd4 15.
Nxd4 Bb7 16. Ngf3 Nxd4 17. Nxd4 Nd7 18. Be3 Be5 19. f4 Bf6 20. Qd2 Bg7 21. f5
Nb6 22. fxg6 fxg6 23. b3 Rf8 24. Rxf8+ Qxf8 25. Rf1 Qd6 26. Bb1 Rf8 27. Rxf8+
Qxf8 28. Nxb5 axb5 29. Bxb6 Qd6 30. Bd4 Bf8 31. Qe2 Qg3 32. Qe6# 1-0

[Event "DVM U14w 2013"]
[Site "Oberbernhards-Hilders GER"]
[Date "2014.06.28"]
[Round "5"]
[White "Schwärzler, Helena Alica Nomi"]
[Black "Schutrak, Svenja"]
[Result "0-1"]
[Termination "normal"]
[Board "6.4"]
[WhiteElo "800"]
[BlackElo "829"]
[WhiteTeam "SK Bebenhausen 1992"]
[BlackTeam "TSG Gadebusch"]
[PlyCount "72"]
[WhiteFideId "12983543"]
[BlackFideId "12983403"]
[EventCountry "GER"]
[EventRounds "7"]
[EventType "team-swiss"]
[EventDate "2013.12.26"]

1. e4 e5 2. Nf3 Nc6 3. Bc4 Nf6 4. Ng5 d5 5. exd5 Nxd5 6. d3 h6 7. Nf3 Be6 8.
Bb5 Bd7 9. c4 Nf6 10. Nc3 Bc5 11. O-O O-O 12. Bxc6 Bxc6 13. Nxe5 Bd7 14. Nxd7
Qxd7 15. Bf4 Ng4 16. Ne4 Bd4 17. Rb1 f5 18. Nd2 Qe7 19. h3 Ne5 20. Nb3 Nc6 21.
Nxd4 Nxd4 22. Re1 Qc5 23. Re5 Qc6 24. Be3 Ne6 25. Qb3 Ng5 26. Rc5 Qb6 27. Rb5
Qc6 28. Rc5 Nf3+ 29. gxf3 Qxf3 30. Re5 f4 31. Bc5 Rfd8 32. Rd1 Qxh3 33. Be7 f3
34. c5+ Kh8 35. Rg5 hxg5 36. Bxd8 Qg2# 0-1